00578nam a2200181Ia 4500003000400000005001700004008004100021020002200062040000700084041000800091082002300099100002700122245013800149260005800287300001600345365001400361650002100375OSt20230426112808.0210423s2018 xx 000 0 und d a978-81-269-2579-7 cAL aeng a813.309 223bPURW aPURKAYASTHA (Mdhumita) aWhy the sister in black works hardestbAfrican-american women as labor in the novels of Toni Morisnon Alice Walker and Gloria Nayllor aNew DelhibAtlantic Publishers and Distributorsc2018 avi, 450bHB b1295cINR aAmerican Fiction